000 00539cam a2200145 4500500
005 20260208002341.0
041 _afre
042 _adc
100 1 0 _aLortat-Jacob, Bernard
_eauthor
245 0 0 _aLaurent Aubert La Musique de l’autre: les nouveaux défis de l’ethnomusicologie. Genève-Paris, Georg, 2001, 160 p., bibl.
260 _c2005.
500 _a87
786 0 _nL'Homme | 174 | 2 | 2005-06-01 | p. 277u-329u | 0439-4216
856 4 1 _uhttps://shs.cairn.info/revue-l-homme-2005-2-page-277u?lang=fr&redirect-ssocas=7080
999 _c1645967
_d1645967